[Event "XXXVII Olimpiadi femminile"]
[Site "Torino ITA"]
[Date "2006.05.29"]
[Round "8.3"]
[White "Javakhishvili, Lela"]
[Black "Djingarova, Emilia"]
[Result "1-0"]
[WhiteElo "2410"]
[BlackElo "2319"]
[Annotator "GEO-BUL"]
[PlyCount "89"]
[EventDate "2006.05.21"]

1. d4 Nf6 2. c4 e6 3. Nc3 Bb4 4. Bg5 h6 5. Bh4 c5 6. d5 Bxc3+ 7. bxc3 d6 8. e3
e5 9. Qc2 Qe7 10. Nf3 g5 11. Bg3 Nbd7 12. Nd2 Nh5 13. Bd3 Kd8 14. O-O Kc7 15.
Rae1 Ndf6 16. Rb1 Ng4 17. Rfe1 Nxg3 18. fxg3 h5 19. Rb2 Nh6 20. e4 h4 21. Nf1
hxg3 22. hxg3 f6 23. Reb1 Qh7 24. Ne3 Ng8 25. Qa4 Ne7 26. Qa5+ b6 27. Rxb6 axb6
28. Qxa8 Bb7 29. Qa7 Nc8 30. Qa4 g4 31. Qd1 Qh6 32. Kf2 Rg8 33. a4 Qg7 34. a5
bxa5 35. Qa4 Kd8 36. Qb5 f5 37. Nxf5 Qg5 38. Qxb7 Rf8 39. Qb2 Rf7 40. Rh1 a4
41. Ke2 Rxf5 42. exf5 e4 43. Bxe4 Qe7 44. Kd3 Qe5 45. Qf2 1-0

[Event "XXXVII Olimpiadi femminile"]
[Site "Torino ITA"]
[Date "2006.05.29"]
[Round "8.1"]
[White "Nguyen, Thi Thanh An"]
[Black "Muzychuk, Anna"]
[Result "1/2-1/2"]
[WhiteElo "2317"]
[BlackElo "2418"]
[Annotator "VIE-SLO"]
[PlyCount "47"]
[EventDate "2006.05.21"]

1. d4 d6 2. e4 Nf6 3. f3 d5 4. e5 Ng8 5. f4 c5 6. c3 Nc6 7. dxc5 a5 8. Bb5 Nh6
9. Nf3 Bg4 10. Qa4 Qc8 11. Nd4 Bd7 12. Be3 e6 13. Nxc6 Bxc6 14. Nd2 Be7 15. O-O
O-O 16. Nf3 Be8 17. Bxe8 Rxe8 18. Qb5 Qc6 19. Qxc6 bxc6 20. b4 axb4 21. cxb4
Ra3 22. Bc1 Ra4 23. a3 Rb8 24. Be3 1/2-1/2

[Event "XXXVII Olimpiadi femminile"]
[Site "Torino ITA"]
[Date "2006.05.29"]
[Round "8.2"]
[White "Srebrnic, Ana"]
[Black "Hoang, Thi Bao Tram"]
[Result "0-1"]
[WhiteElo "2302"]
[BlackElo "2349"]
[Annotator "VIE-SLO"]
[PlyCount "72"]
[EventDate "2006.05.21"]

1. Nf3 Nf6 2. c4 c6 3. d4 d5 4. Nc3 dxc4 5. a4 Bf5 6. e3 e6 7. Bxc4 Nbd7 8. Qe2
Bb4 9. O-O Bg6 10. e4 O-O 11. Bd3 Qa5 12. Bf4 Rfe8 13. h3 c5 14. Nb5 cxd4 15.
Bc7 Nb6 16. Nfxd4 Bf8 17. Bf4 Qb4 18. Nc2 Qb3 19. Ncd4 Qb4 20. a5 a6 21. Nc2
Qe7 22. Nc7 Nbd7 23. Nxa8 Rxa8 24. b4 Rc8 25. Bg5 Ne5 26. f3 Rc3 27. Rfd1 Qc7
28. Ne3 Bxb4 29. Bf4 Bd6 30. Bxe5 Bxe5 31. Nc4 Bd4+ 32. Kf1 Nh5 33. Qa2 Qh2 34.
Ke1 Nf4 35. Be2 Nxg2+ 36. Kd2 Qf4+ 0-1

[Event "XXXVII Olimpiadi femminile"]
[Site "Torino ITA"]
[Date "2006.05.29"]
[Round "8.3"]
[White "Le, Thanh Tu"]
[Black "Novak, Ksenija"]
[Result "1/2-1/2"]
[WhiteElo "2239"]
[BlackElo "2182"]
[Annotator "VIE-SLO"]
[PlyCount "82"]
[EventDate "2006.05.21"]

1. d4 Nf6 2. c4 c5 3. d5 b5 4. cxb5 a6 5. bxa6 g6 6. Nc3 Bxa6 7. Nf3 d6 8. g3
Bg7 9. Bg2 Nbd7 10. Rb1 Nb6 11. b3 Bc8 12. Nh4 O-O 13. O-O Bd7 14. Qc2 Ra7 15.
h3 Qa8 16. e4 Rc8 17. Be3 Ne8 18. a4 Rb7 19. Rfc1 c4 20. Bxb6 Rxb6 21. bxc4
Rxb1 22. Nxb1 Qxa4 23. Qxa4 Bxa4 24. Nd2 Bb2 25. Rb1 Bc3 26. Nhf3 Nf6 27. Kh2
Kf8 28. Bf1 Nd7 29. Be2 Nc5 30. Bd1 Bxd1 31. Rxd1 Rb8 32. Rb1 Ra8 33. Rc1 Bxd2
34. Nxd2 Ra2 35. Rd1 Nd3 36. Kg2 Rc2 37. Nf1 Rxf2+ 38. Kg1 Rf3 39. Kg2 Rf2+ 40.
Kg1 Rf3 41. Kg2 Rf2+ 1/2-1/2

[Event "XXXVII Olimpiadi femminile"]
[Site "Torino ITA"]
[Date "2006.05.29"]
[Round "8.3"]
[White "Hou, Yifan"]
[Black "Berzina, Ilze"]
[Result "1-0"]
[WhiteElo "2298"]
[BlackElo "2278"]
[Annotator "CHN-LAT"]
[PlyCount "75"]
[EventDate "2006.05.21"]

1. e4 e5 2. Nf3 Nc6 3. Bb5 a6 4. Ba4 Nf6 5. O-O Be7 6. Re1 b5 7. Bb3 d6 8. c3
O-O 9. h3 Na5 10. Bc2 c5 11. d4 Nd7 12. Nbd2 exd4 13. cxd4 Nc6 14. d5 Nce5 15.
Nxe5 Nxe5 16. f4 Ng6 17. Nf3 Bh4 18. Nxh4 Qxh4 19. Rf1 f5 20. e5 dxe5 21. fxe5
Nxe5 22. Bf4 Qf6 23. Qe1 Nc4 24. Kh1 Bb7 25. Rd1 Rae8 26. Qg3 Nxb2 27. Rde1 Nc4
28. d6 Nb6 29. Re5 Rxe5 30. Bxe5 Qh6 31. Rxf5 Nd7 32. Bxg7 Qxg7 33. Rg5 Rf7 34.
Bf5 Kf8 35. Rxg7 Rxg7 36. Qf4 Bxg2+ 37. Kh2 Ke8 38. Qh6 1-0

[Event "XXXVII Olimpiadi femminile"]
[Site "Torino ITA"]
[Date "2006.05.29"]
[Round "8.2"]
[White "Milliet, Sophie"]
[Black "Bogza, Adina-Maria"]
[Result "1-0"]
[WhiteElo "2330"]
[BlackElo "2297"]
[Annotator "ROU-FRA"]
[PlyCount "133"]
[EventDate "2006.05.21"]

1. e4 d6 2. d4 Nf6 3. Nc3 g6 4. Be3 c6 5. Qd2 b5 6. Bd3 Nbd7 7. Nf3 e5 8. O-O
Ng4 9. d5 b4 10. dxc6 bxc3 11. cxd7+ Bxd7 12. Qxc3 Nxe3 13. fxe3 Be7 14. Rad1
O-O 15. Bc4 Rc8 16. Qb3 Rb8 17. Qd3 Qc7 18. b3 Be6 19. Nd2 Bg4 20. Rc1 a5 21.
a4 Kg7 22. h3 Bd7 23. Bd5 Qc5 24. Rf3 f5 25. Rcf1 Rbc8 26. Nc4 fxe4 27. Rf7+
Rxf7 28. Rxf7+ Kh8 29. Bxe4 d5 30. Qxd5 Be8 31. Qxc5 Bxc5 32. Rf3 Bb4 33. Nxe5
Kg7 34. Nc4 Bf7 35. Bd3 Re8 36. Kf2 Bd5 37. Rg3 Kf6 38. Ke2 Re7 39. h4 Bxc4 40.
Bxc4 Re4 41. Rf3+ Ke5 42. g3 h6 43. Rf4 g5 44. Rxe4+ Kxe4 45. Bd3+ Ke5 46. Kf3
gxh4 47. gxh4 Be1 48. h5 Bc3 49. Bg6 Bb4 50. Ke2 Kd5 51. Kd3 Be1 52. Bf7+ Kc5
53. Bc4 Bf2 54. Ke4 Bg1 55. Kf4 Kd6 56. e4 Bd4 57. Kf5 Bc3 58. Bd5 Be5 59. b4
axb4 60. a5 Bd4 61. a6 Ke7 62. e5 Be3 63. Kg6 Kf8 64. Kf6 Bd4 65. Ke6 Ke8 66.
Kd6 Kd8 67. e6 1-0

[Event "XXXVII Olimpiadi femminile"]
[Site "Torino ITA"]
[Date "2006.05.29"]
[Round "8.1"]
[White "Sedina, Elena"]
[Black "Aketayeva, Dana"]
[Result "1/2-1/2"]
[WhiteElo "2373"]
[BlackElo "2328"]
[Annotator "ITA1-KAZ"]
[PlyCount "72"]
[EventDate "2006.05.21"]

1. e4 e5 2. Nf3 Nc6 3. Bc4 Bc5 4. b4 Bxb4 5. c3 Be7 6. d4 d6 7. Qb3 Na5 8.
Bxf7+ Kf8 9. Qa4 Kxf7 10. Qxa5 b6 11. Qb5 Bf6 12. dxe5 a6 13. Qe2 dxe5 14. O-O
g6 15. Nbd2 Kg7 16. Nc4 Qe7 17. Bb2 Bg4 18. Ne3 Bxf3 19. Qxf3 c6 20. c4 Nh6 21.
Qe2 Rhd8 22. Rad1 Rxd1 23. Rxd1 Rd8 24. h3 Kg8 25. Rxd8+ Qxd8 26. Ng4 Nxg4 27.
Qxg4 Kf7 28. Qf3 Kg7 29. Qe3 c5 30. Kh2 Qd6 31. Qe2 Kf7 32. Bc3 Qd7 33. Qb2 Qd6
34. Qe2 Qd7 35. Qb2 Qd6 36. Qe2 Qd7 1/2-1/2

[Event "XXXVII Olimpiadi femminile"]
[Site "Torino ITA"]
[Date "2006.05.29"]
[Round "8.2"]
[White "Zigangirova, Sofya"]
[Black "Zimina, Olga"]
[Result "1-0"]
[WhiteElo "2314"]
[BlackElo "2404"]
[Annotator "ITA1-KAZ"]
[PlyCount "131"]
[EventDate "2006.05.21"]

1. e4 c6 2. d4 d5 3. Nc3 dxe4 4. Nxe4 Nf6 5. Nxf6+ gxf6 6. c3 Bf5 7. Nf3 Nd7 8.
g3 Nb6 9. Bg2 Qd7 10. O-O Bh3 11. a4 Bxg2 12. Kxg2 h5 13. a5 Nc4 14. h4 O-O-O
15. Qe2 Nd6 16. Bf4 Nf5 17. Rfd1 e6 18. c4 Bh6 19. Bxh6 Nxh6 20. a6 b6 21. b4
Ng4 22. b5 cxb5 23. Qe4 Kb8 24. d5 e5 25. cxb5 Rc8 26. d6 Rc5 27. Rac1 f5 28.
Qe2 Rxc1 29. Rxc1 Qxd6 30. Qc4 Qe7 31. Ng5 f6 32. Nf3 Rd8 33. Rc2 e4 34. Nd4
Ne5 35. Nxf5 Nxc4 36. Nxe7 Ne5 37. Nc6+ Nxc6 38. Rxc6 Rd5 39. Rxf6 Rxb5 40.
Rf8+ Kc7 41. Ra8 Rb2 42. Rxa7+ Kd6 43. Kf1 Ra2 44. Ra8 Kc5 45. a7 Kb4 46. Rb8
Rxa7 47. Rxb6+ Kc4 48. Ke2 Ra3 49. Rh6 Kd4 50. Rxh5 e3 51. fxe3+ Ke4 52. Kf2
Ra2+ 53. Kg1 Kf3 54. Rg5 Rg2+ 55. Kh1 Re2 56. h5 Rxe3 57. Kh2 Re1 58. h6 Re6
59. Rh5 Kg4 60. Rh4+ Kf3 61. h7 Re2+ 62. Kh3 Re1 63. Rf4+ Ke3 64. Kg2 Re2+ 65.
Kg1 Re1+ 66. Rf1 1-0

[Event "XXXVII Olimpiadi femminile"]
[Site "Torino ITA"]
[Date "2006.05.29"]
[Round "8.3"]
[White "Santurbano, Maria Vincenza"]
[Black "Dauletova, Gulmira"]
[Result "0-1"]
[WhiteElo "1965"]
[BlackElo "2144"]
[Annotator "ITA1-KAZ"]
[PlyCount "88"]
[EventDate "2006.05.21"]

1. e4 c5 2. Nf3 d6 3. d4 cxd4 4. Nxd4 Nf6 5. Nc3 g6 6. Be3 Bg7 7. f3 Nbd7 8.
Qd2 a6 9. g4 h6 10. h4 Qc7 11. h5 g5 12. Nf5 Bf8 13. f4 gxf4 14. Bxf4 Nc5 15.
Nd5 Nxd5 16. exd5 Bxf5 17. gxf5 Bg7 18. c3 Qa5 19. Rg1 Bf6 20. Bc4 b5 21. b4
Qa3 22. Rc1 Ne4 23. Qe3 Rc8 24. Bb3 Rxc3 25. Rxc3 Bxc3+ 26. Ke2 Qb2+ 27. Kf3
Nd2+ 28. Kg3 Bd4 29. Qxd2 Qxd2 30. Bxd2 Rg8+ 31. Kf3 Rxg1 32. Bxh6 Rh1 33. Kg4
Bf6 34. Bd2 Rh4+ 35. Kg3 Rxh5 36. Bd1 Rxf5 37. Bf3 Be5+ 38. Kg4 Rf6 39. Bg5 Rg6
40. Be4 Rg8 41. Kf5 Rh8 42. Bd3 Rh2 43. a4 bxa4 44. Bxa6 a3 0-1

[Event "XXXVII Olimpiadi femminile"]
[Site "Torino ITA"]
[Date "2006.05.29"]
[Round "8.2"]
[White "Danielian, Elina"]
[Black "Harika, Dronavalli"]
[Result "1-0"]
[WhiteElo "2422"]
[BlackElo "2358"]
[Annotator "IND-ARM"]
[PlyCount "164"]
[EventDate "2006.05.21"]

1. d4 Nf6 2. Nf3 g6 3. c4 Bg7 4. g3 O-O 5. Bg2 d6 6. O-O Nbd7 7. Nc3 e5 8. h3
exd4 9. Nxd4 Re8 10. e4 a6 11. Re1 Rb8 12. Rb1 Ne5 13. b3 c5 14. Nc2 Nc6 15.
Bb2 b5 16. cxb5 axb5 17. Qd2 b4 18. Na4 Ba6 19. Rbd1 Bb5 20. Qxd6 Qxd6 21. Rxd6
Bxa4 22. bxa4 Ne5 23. Ne3 Nh5 24. Rd5 Nd3 25. Rxd3 Bxb2 26. Nc4 Bc3 27. Re2 Ng7
28. e5 Nf5 29. Rd7 Rbd8 30. Rxd8 Rxd8 31. a5 Nd4 32. Re3 Nb5 33. e6 fxe6 34.
Rxe6 Rd1+ 35. Kh2 Ra1 36. Rb6 Nd4 37. a6 Rxa2 38. Rb8+ Kg7 39. Rb7+ Kh6 40. a7
b3 41. h4 b2 42. Nxb2 Bxb2 43. g4 Ne6 44. g5+ Kh5 45. Rxh7+ Kg4 46. a8=Q Be5+
47. Kg1 Ra3 48. Qa5 Rxa5 49. Ba8 Nf4 50. Be4 c4 51. Kf1 c3 52. Ke1 Bd4 53. f3+
Kg3 54. h5 Nxh5 55. Bxg6 Ng7 56. Be4 Kf4 57. g6 Kg5 58. Kd1 Bf6 59. Kc2 Be5 60.
Rh8 Nh5 61. Rf8 Kh6 62. Rf7 Bg7 63. f4 Nf6 64. Bd3 Nd5 65. Kb3 Ne3 66. f5 Ng4
67. Bc4 Nf6 68. Be6 Nh5 69. Kc2 Bf6 70. Bc4 Kg5 71. Bd3 Ng7 72. Kb3 Nh5 73. Kc2
Ng7 74. Rb7 Nh5 75. Rb1 Ng7 76. Rg1+ Kf4 77. Kb3 Nh5 78. Kc4 Ng7 79. Rf1+ Kg5
80. Rg1+ Kh6 81. Be2 Bg5 82. Bh5 c2 1-0

[Event "XXXVII Olimpiadi femminile"]
[Site "Torino ITA"]
[Date "2006.05.29"]
[Round "8.2"]
[White "Pokorna, Regina"]
[Black "Kachiani-Gersinska, Ketino"]
[Result "1/2-1/2"]
[WhiteElo "2338"]
[BlackElo "2421"]
[Annotator "GER-SVK"]
[PlyCount "30"]
[EventDate "2006.05.21"]

1. e4 e5 2. Nf3 Nc6 3. Bc4 Nf6 4. d3 Be7 5. O-O O-O 6. c3 d6 7. Bb3 Na5 8. Bc2
c5 9. a4 Nc6 10. Re1 Be6 11. h3 h6 12. Nbd2 Qd7 13. Nf1 Rad8 14. Ne3 Rfe8 15.
d4 cxd4 1/2-1/2

[Event "XXXVII Olimpiadi femminile"]
[Site "Torino ITA"]
[Date "2006.05.29"]
[Round "8.1"]
[White "Peng, Zhao Qin"]
[Black "Popova, Natalija"]
[Result "1-0"]
[WhiteElo "2395"]
[BlackElo "2223"]
[Annotator "NED-BLR"]
[PlyCount "109"]
[EventDate "2006.05.21"]

1. d4 Nf6 2. c4 e6 3. Nf3 b6 4. g3 Ba6 5. b3 Bb4+ 6. Bd2 Be7 7. Nc3 O-O 8. Rc1
d5 9. cxd5 exd5 10. Bg2 c6 11. O-O Re8 12. Re1 Ba3 13. Rb1 Bf8 14. b4 Ne4 15.
Qc2 Bb7 16. Ne5 Nxd2 17. Qxd2 Nd7 18. Nd3 Nf6 19. Qc2 Ne4 20. e3 Nxc3 21. Qxc3
Rc8 22. Rec1 Rc7 23. a4 Bd6 24. Qb3 Qe7 25. Rc3 Rd8 26. Rbc1 g6 27. a5 Rdc8 28.
Nc5 Ba8 29. Na6 Rd7 30. axb6 axb6 31. Bxd5 Bb7 32. b5 c5 33. Bxb7 Rxb7 34. Nb4
Ra8 35. Nc6 Qf6 36. Rd3 Kg7 37. Rcd1 Rc7 38. Qd5 Rcc8 39. Kg2 cxd4 40. Rxd4 Bc7
41. Qc4 Be5 42. Rd7 Rf8 43. Qd5 Bc3 44. Rd6 Qf5 45. Qxf5 gxf5 46. R1d5 f4 47.
gxf4 Rfe8 48. Kf3 Ra2 49. Rg5+ Kf8 50. Ne5 Be1 51. Nd3 Ba5 52. Rf5 Re7 53. Ne5
Be1 54. Rd8+ Kg7 55. Rg5+ 1-0

[Event "XXXVII Olimpiadi femminile"]
[Site "Torino ITA"]
[Date "2006.05.29"]
[Round "8.3"]
[White "Muhren, Bianca"]
[Black "Berlin, Tatiana"]
[Result "0-1"]
[WhiteElo "2253"]
[BlackElo "2207"]
[Annotator "NED-BLR"]
[PlyCount "90"]
[EventDate "2006.05.21"]

1. e4 Nc6 2. Nf3 e5 3. d4 exd4 4. Nxd4 Bc5 5. Be3 Qf6 6. c3 Nge7 7. g3 d6 8.
Bg2 Bd7 9. O-O Ne5 10. b4 Bb6 11. a4 c5 12. bxc5 dxc5 13. Nb3 Bg4 14. f3 Rd8
15. N1d2 Be6 16. a5 Nc4 17. Bf4 g5 18. axb6 gxf4 19. Nxc4 Rxd1 20. Rfxd1 axb6
21. e5 Qg5 22. Ra8+ Nc8 23. Nxb6 O-O 24. Nxc8 Bxc8 25. Nxc5 fxg3 26. Nd3 Qe3+
27. Kh1 gxh2 28. Nb4 Qe2 29. Rd5 Qe1+ 30. Kxh2 Qxc3 31. Nd3 Qc4 32. f4 Bf5 33.
Ra3 Be4 34. Rc5 Qd4 35. Bxe4 Qxe4 36. Rcc3 Kh8 37. Rc2 Rd8 38. Rd2 h5 39. Rb3
Qe3 40. Rdb2 Rxd3 41. Rxd3 Qxd3 42. Rxb7 Qe2+ 43. Kg1 Qe3+ 44. Kh2 Qxf4+ 45.
Kg1 Qg3+ 0-1

[Event "XXXVII Olimpiadi femminile"]
[Site "Torino ITA"]
[Date "2006.05.29"]
[Round "8.1"]
[White "Seps, Monika"]
[Black "Radziewicz, Iweta"]
[Result "0-1"]
[WhiteElo "2247"]
[BlackElo "2439"]
[Annotator "SUI-POL"]
[PlyCount "108"]
[EventDate "2006.05.21"]

1. e4 e6 2. Nf3 d5 3. e5 c5 4. b4 c4 5. c3 a5 6. b5 Qb6 7. d3 Nh6 8. Bxh6 gxh6
9. dxc4 Bc5 10. Qe2 d4 11. Qb2 Nc6 12. Bd3 dxc3 13. Nxc3 Bd4 14. Nxd4 Qxd4 15.
bxc6 Qxd3 16. Rd1 Qxc4 17. Nb5 Qe4+ 18. Kf1 O-O 19. c7 b6 20. Nd6 Qc6 21. Rc1
Qd5 22. h4 Ra7 23. Qc3 f6 24. Rh3 fxe5 25. Rg3+ Kh8 26. Nxc8 Rxc8 27. Qe3 Raxc7
28. Rxc7 Qd1+ 29. Qe1 Qxe1+ 30. Kxe1 Rxc7 31. Rb3 Rc6 32. Kd2 Kg7 33. Ke2 Kf6
34. Rf3+ Ke7 35. Kd3 b5 36. Rg3 Kd6 37. Rg8 e4+ 38. Kxe4 Rc4+ 39. Ke3 Ra4 40.
Rg7 Ke5 41. Rxh7 Ra3+ 42. Ke2 Rxa2+ 43. Ke3 Ra3+ 44. Ke2 b4 45. Rxh6 b3 46.
Rh5+ Kd4 47. Rb5 Ra2+ 48. Kf3 Kc4 49. Rb8 b2 50. Ke4 Ra4 51. Rxb2 Kc3+ 52. Ke5
Kxb2 53. f4 Rb4 54. g4 a4 0-1

[Event "XXXVII Olimpiadi femminile"]
[Site "Torino ITA"]
[Date "2006.05.29"]
[Round "8.2"]
[White "Zawadzka, Jolanta"]
[Black "Hund, Barbara"]
[Result "1/2-1/2"]
[WhiteElo "2389"]
[BlackElo "2261"]
[Annotator "SUI-POL"]
[PlyCount "79"]
[EventDate "2006.05.21"]

1. e4 e5 2. Nf3 Nc6 3. Bb5 a6 4. Ba4 Nf6 5. O-O b5 6. Bb3 Be7 7. Re1 O-O 8. d4
d6 9. c3 Bg4 10. Be3 exd4 11. cxd4 d5 12. e5 Ne4 13. Nc3 Nxc3 14. bxc3 Qd7 15.
h3 Bh5 16. Bc2 Bg6 17. a4 Rfb8 18. Bxg6 hxg6 19. Bg5 Qf5 20. Bxe7 Nxe7 21. e6
f6 22. Nd2 bxa4 23. Qxa4 Rb2 24. Ra2 Rxa2 25. Qxa2 Qd3 26. Re3 Qb5 27. Re1 Qd3
28. Qb2 a5 29. Nf3 Qa6 30. Qa3 Qd6 31. Qa2 a4 32. Ra1 a3 33. Qb3 Qxe6 34. Rxa3
Rxa3 35. Qxa3 g5 36. Qb3 c6 37. Qd1 Nf5 38. Ne1 Nd6 39. Nd3 Nb5 40. Qd2 1/2-1/2

[Event "XXXVII Olimpiadi femminile"]
[Site "Torino ITA"]
[Date "2006.05.29"]
[Round "8.1"]
[White "Borsuk, Angela"]
[Black "Lujan, Carolina Maria"]
[Result "1/2-1/2"]
[WhiteElo "2341"]
[BlackElo "2378"]
[Annotator "ISR-ARG"]
[PlyCount "140"]
[EventDate "2006.05.21"]

1. d4 Nf6 2. c4 g6 3. Nc3 d5 4. Nf3 Bg7 5. Bg5 dxc4 6. e4 Bg4 7. Bxc4 Bxf3 8.
gxf3 O-O 9. Qd2 Nfd7 10. Be2 Nc6 11. Be3 Nb6 12. d5 Ne5 13. b3 c6 14. f4 Ned7
15. dxc6 Rc8 16. e5 bxc6 17. O-O Qc7 18. Rac1 Rfd8 19. Qc2 Qb7 20. Rfd1 Nd5 21.
Nxd5 cxd5 22. Qd3 e6 23. Qa6 Qxa6 24. Bxa6 Rxc1 25. Rxc1 Nb6 26. Bd4 Bh6 27.
Be3 Rd7 28. Bb5 Rb7 29. Kg2 d4 30. Bd2 f6 31. exf6 Rf7 32. Bc4 Rxf6 33. Kg3 Bf8
34. Kf3 Bd6 35. Ke4 Kf7 36. a4 Ke7 37. a5 Nxc4 38. Rxc4 g5 39. Rxd4 Bxf4 40.
Bb4+ Ke8 41. Bd6 Bxd6 42. Rxd6 Rf4+ 43. Ke3 Rb4 44. Rxe6+ Kf7 45. Ra6 Rxb3+ 46.
Ke4 Rb7 47. Kf5 h6 48. Ke5 h5 49. Kd5 Kg7 50. f3 Rf7 51. Ke4 Rf4+ 52. Ke3 Rf7
53. Re6 Rd7 54. a6 Rf7 55. Rd6 Re7+ 56. Kd4 Rf7 57. Ke4 Rf4+ 58. Ke3 Rf7 59. h3
Re7+ 60. Kd4 Rf7 61. Ke3 Re7+ 62. Kf2 Rf7 63. Kg3 Kh7 64. h4 gxh4+ 65. Kxh4
Rxf3 66. Rd7+ Kg6 67. Rxa7 Rf4+ 68. Kg3 Ra4 69. Ra8 Kg7 70. a7 Kh7 1/2-1/2

[Event "XXXVII Olimpiadi femminile"]
[Site "Torino ITA"]
[Date "2006.05.29"]
[Round "8.2"]
[White "Burijovich, Liliana"]
[Black "Igla, Bella"]
[Result "0-1"]
[WhiteElo "2204"]
[BlackElo "2288"]
[Annotator "ISR-ARG"]
[PlyCount "72"]
[EventDate "2006.05.21"]

1. e4 c5 2. Nf3 d6 3. d4 cxd4 4. Nxd4 Nf6 5. Nc3 g6 6. Be3 Bg7 7. Be2 O-O 8.
O-O Nc6 9. Nb3 Be6 10. f4 Rc8 11. Kh1 a6 12. Bf3 Nd7 13. Rb1 Nb6 14. Bxb6 Qxb6
15. Nd5 Bxd5 16. exd5 Na5 17. Nxa5 Qxa5 18. a3 Rc4 19. Qe2 Rxf4 20. g3 Rf5 21.
Qxe7 Qb6 22. c3 Re5 23. Qd7 Rfe8 24. Qa4 h5 25. Qb4 Qc7 26. a4 Qe7 27. Kg2 Bf6
28. Rbd1 h4 29. g4 Re3 30. Rd2 Kg7 31. Rdf2 h3+ 32. Kg1 Bh4 33. Qd4+ f6 34. Rd2
Rxf3 35. Rxf3 Qe1+ 36. Rf1 Qxf1+ 0-1

[Event "XXXVII Olimpiadi femminile"]
[Site "Torino ITA"]
[Date "2006.05.29"]
[Round "8.3"]
[White "Botvinnik, Irina"]
[Black "Sarquis, Maria Belen"]
[Result "1/2-1/2"]
[WhiteElo "2211"]
[BlackElo "2153"]
[Annotator "ISR-ARG"]
[PlyCount "90"]
[EventDate "2006.05.21"]

1. c4 Nf6 2. Nc3 e6 3. d4 Bb4 4. Qc2 b6 5. e3 Bb7 6. f3 d5 7. Bd3 Nbd7 8. Nge2
O-O 9. O-O c5 10. a3 Bxc3 11. bxc3 Rc8 12. Qa2 Ba6 13. a4 cxd4 14. cxd4 Bxc4
15. Bxc4 Rxc4 16. Ba3 Re8 17. Bd6 Nb8 18. Qa3 Nc6 19. Rfc1 Na5 20. Bb4 Rxc1+
21. Rxc1 Nc4 22. Qb3 Qd7 23. e4 Rc8 24. e5 Ne8 25. Ra1 Rb8 26. Be1 Rb7 27. f4
f5 28. Qh3 Nc7 29. g4 fxg4 30. Qxg4 Qf7 31. Qh4 Ne8 32. Rc1 b5 33. axb5 Rxb5
34. Qd8 Rb2 35. Ng3 Kf8 36. Bc3 Rb3 37. f5 exf5 38. Nxf5 Rxc3 39. Rxc3 Qxf5 40.
Kg2 Qg4+ 41. Rg3 Qe2+ 42. Kh3 Qh5+ 43. Kg2 Qe2+ 44. Kh3 Qh5+ 45. Kg2 Qe2+
1/2-1/2

[Event "XXXVII Olimpiadi femminile"]
[Site "Torino ITA"]
[Date "2006.05.29"]
[Round "8.2"]
[White "Botsari, Anna-Maria"]
[Black "Chelushkina, Irina"]
[Result "1-0"]
[WhiteElo "2341"]
[BlackElo "2320"]
[Annotator "SCG-GRE"]
[PlyCount "107"]
[EventDate "2006.05.21"]

1. d4 d6 2. c4 e5 3. d5 f5 4. e4 fxe4 5. Nc3 Nf6 6. Nge2 Bf5 7. Ng3 Bg6 8. h4
h6 9. Be2 Be7 10. Be3 c6 11. Qb3 Qc8 12. O-O Nbd7 13. Rfd1 c5 14. Qc2 O-O 15.
h5 Bh7 16. a3 Kh8 17. b4 cxb4 18. axb4 a5 19. bxa5 Nc5 20. Rdb1 Nfd7 21. Ngxe4
Bg5 22. Bxg5 hxg5 23. Re1 Rf4 24. Bf1 Nf6 25. Nxd6 Qf8 26. Qe2 Nd3 27. Nde4
Nxe4 28. Qxd3 Nxf2 29. Qg3 Ng4 30. Na4 Rxa5 31. Be2 Rxa4 32. Bxg4 Qc5+ 33. Kh2
Raxc4 34. Ra8+ Bg8 35. Be6 Rh4+ 36. Bh3 Rcg4 37. Qxe5 Qf2 38. Rxg8+ Kxg8 39.
Qe8+ Qf8 40. d6 Qxe8 41. Rxe8+ Kf7 42. d7 Rd4 43. d8=Q Rxd8 44. Rxd8 Rxh5 45.
Kg3 Kf6 46. Rd6+ Ke5 47. Re6+ Kd5 48. Rb6 Rh4 49. Rxb7 Ke5 50. Rxg7 Kf6 51. Rb7
Rd4 52. Rb6+ Kg7 53. Bf5 Kf7 54. Rg6 1-0

[Event "XXXVII Olimpiadi femminile"]
[Site "Torino ITA"]
[Date "2006.05.29"]
[Round "8.3"]
[White "Maksimovic, Suzana"]
[Black "Makropoulou, Marina"]
[Result "1/2-1/2"]
[WhiteElo "2295"]
[BlackElo "2305"]
[Annotator "SCG-GRE"]
[PlyCount "135"]
[EventDate "2006.05.21"]

1. d4 d5 2. Nf3 Nf6 3. c4 c6 4. e3 g6 5. Nc3 Bg7 6. Qb3 O-O 7. cxd5 cxd5 8. Bd2
Nc6 9. Rc1 Na5 10. Qa3 b6 11. Ne5 Ng4 12. b4 Nxe5 13. bxa5 Nc4 14. Bxc4 dxc4
15. O-O Bb7 16. Rfd1 e6 17. a6 Bc6 18. Qb4 b5 19. a4 bxa4 20. Qxc4 Qd7 21. Ra1
Rfc8 22. Qa2 Rab8 23. Nxa4 Bd5 24. Qa3 Bf8 25. Nc5 Qc6 26. f3 e5 27. Rac1 Qb5
28. Be1 exd4 29. exd4 Re8 30. Bg3 Rbc8 31. h4 Re2 32. Qd3 Qb2 33. Rb1 Rxg2+ 34.
Kh1 Qe2 35. Qxe2 Rxe2 36. Rd3 Bg7 37. Rb8 Rxb8 38. Bxb8 Re7 39. Bd6 Re1+ 40.
Kg2 Bf6 41. Bg3 Re2+ 42. Kg1 Ra2 43. Nd7 Rxa6 44. Nxf6+ Rxf6 45. Kf2 Rc6 46.
Bf4 f6 47. Ra3 a6 48. Ra5 Rc2+ 49. Kg3 Bc4 50. Rc5 Bd3 51. Rxc2 Bxc2 52. Bc7
Bb3 53. Kf4 Kf7 54. Ke4 Ke6 55. Bd8 Bd5+ 56. Kf4 h6 57. Kg4 Bc6 58. Kf4 Bb7 59.
Kg4 Bd5 60. Kf4 Bb3 61. Ke4 Bc2+ 62. Kf4 g5+ 63. hxg5 fxg5+ 64. Kg4 Bd1 65. d5+
Kxd5 66. Bf6 a5 67. Bg7 a4 68. Bxh6 1/2-1/2

[Event "XXXVII Olimpiadi femminile"]
[Site "Torino ITA"]
[Date "2006.05.29"]
[Round "8.2"]
[White "Maeckelbergh, Mieke"]
[Black "Maroroa, Sue"]
[Result "1-0"]
[WhiteElo "2026"]
[BlackElo "1934"]
[Annotator "NZL-IBCA"]
[PlyCount "27"]
[EventDate "2006.05.21"]

1. e4 e5 2. Nf3 Nc6 3. Bc4 Bc5 4. c3 Nf6 5. d4 exd4 6. cxd4 Bb4+ 7. Bd2 Bxd2+
8. Nbxd2 O-O 9. d5 Ne7 10. O-O d6 11. Qb3 Ng6 12. Rfe1 Nd7 13. Rac1 f6 14. Nd4
1-0

[Event "XXXVII Olimpiadi femminile"]
[Site "Torino ITA"]
[Date "2006.05.29"]
[Round "8.3"]
[White "Fairley, Natasha"]
[Black "Debowska, Teresa"]
[Result "1-0"]
[WhiteElo "1743"]
[BlackElo "2041"]
[Annotator "NZL-IBCA"]
[PlyCount "141"]
[EventDate "2006.05.21"]

1. e4 c5 2. c3 d5 3. exd5 Qxd5 4. d4 Nf6 5. Nf3 e6 6. Be3 Ng4 7. Bd3 Nxe3 8.
fxe3 Nc6 9. O-O Be7 10. Qe2 O-O 11. Nbd2 cxd4 12. exd4 Bd7 13. Be4 Qh5 14. Rae1
Bd6 15. Nc4 Bc7 16. Rf2 Rab8 17. Nfe5 Qxe2 18. Rfxe2 Nxe5 19. Nxe5 Bb5 20. Rd2
f6 21. Nf3 Bb6 22. Bd3 Bd7 23. Bc4 Rfe8 24. Rde2 Kf7 25. Nh4 g6 26. Nf3 a6 27.
g4 Rbc8 28. Bb3 h6 29. Rf2 Kg7 30. Kg2 Bc6 31. Rfe2 e5 32. dxe5 fxe5 33. Kg3 e4
34. Nd4 Rf8 35. Ne6+ Kh8 36. Nxf8 Rxf8 37. Rxe4 Bf2+ 38. Kh3 Rf3+ 39. Kg2 Rf4
40. R1e2 Bb6 41. Bc2 g5 42. Kg3 Bc7 43. Rxf4 gxf4+ 44. Kf2 Bb6+ 45. Ke1 f3 46.
Rf2 Kg7 47. Bd1 Bc7 48. Bxf3 Bxf3 49. Rxf3 Bxh2 50. Rd3 Kf6 51. Ke2 b6 52. Kf3
a5 53. b3 Bg1 54. c4 Bc5 55. Rd5 Ke6 56. Ke4 Ba3 57. Rh5 Bc1 58. c5 bxc5 59.
Rxc5 Bd2 60. Kd3 Kd6 61. Rf5 Bb4 62. Rf6+ Ke5 63. Rxh6 Kf4 64. Rg6 Ba3 65. Kc4
Bb4 66. Rg8 Ba3 67. Kb5 Bb4 68. Ra8 Kxg4 69. Rxa5 Bd2 70. Ra8 Kf5 71. Re8 1-0

[Event "XXXVII Olimpiadi femminile"]
[Site "Torino ITA"]
[Date "2006.05.29"]
[Round "8.1"]
[White "Calzetta Ruiz, Monica"]
[Black "Fierro Baquero, Martha Lorena"]
[Result "1/2-1/2"]
[WhiteElo "2317"]
[BlackElo "2294"]
[Annotator "ESP-ECU"]
[PlyCount "91"]
[EventDate "2006.05.21"]

1. e4 c5 2. Nf3 Nc6 3. d4 cxd4 4. Nxd4 g6 5. Nc3 Bg7 6. Be3 Nf6 7. Bc4 Qa5 8.
O-O O-O 9. Nb3 Qc7 10. Re1 d6 11. Bf1 a6 12. Nd5 Nxd5 13. exd5 Ne5 14. Bd4 b5
15. a4 Bf5 16. c3 bxa4 17. Rxa4 Bd7 18. Ra3 a5 19. h3 Rfb8 20. Nd2 Bb5 21. c4
Ba6 22. b3 e6 23. Qa1 exd5 24. f4 dxc4 25. fxe5 dxe5 26. Bxe5 Qc5+ 27. Kh1 Re8
28. Rxa5 Qf2 29. Nxc4 Bb7 30. Rxa8 Bxa8 31. Rd1 Bxe5 32. Nxe5 Qg3 33. Rd3 Qf2
34. Ng4 Bxg2+ 35. Bxg2 Re1+ 36. Qxe1 Qxe1+ 37. Kh2 Kg7 38. Re3 Qd2 39. Rf3 h5
40. Nf6 Qd6+ 41. Kg1 Qd1+ 42. Kf2 Qd2+ 43. Kg1 Qd1+ 44. Kf2 Qd2+ 45. Kf1 Qd1+
46. Kf2 1/2-1/2